000 00470nam a2200181Ia 4500
008 240925s9999 xx 000 0 und d
020 _a9788126523078
082 _a621.38173 RAZ
100 _aRazavi, Behzad
245 0 _aFundamentals of Microelectronics
250 _aNA
260 _aNew Delhi:
_bWiley Eastern
_c,2008.
300 _a508p.
_bN.A
_fOriginal
500 _aIncludes Index
600 _aElectronic Engineering
650 _aTechnology
942 _cBK
999 _c10756
_d10756